| 000 | 00475nam a22001577a 4500 | ||
|---|---|---|---|
| 082 |
_a953.1 _bMAR _cL-30, P-54 |
||
| 100 |
_aMarshall, S.L.A _948716 |
||
| 245 |
_aSivai victory _cMarshall, S.L.A |
||
| 260 |
_aNew York _bWilliam morrow and company _c1958 |
||
| 300 |
_ap280.: _bill,; _c15 cm. |
||
| 526 |
_a0 _b0 _c0 _d953_100000000000000_MAR |
||
| 526 |
_a0 _b0 _c0 _d953_100000000000000_MAR |
||
| 526 |
_a0 _b0 _c0 _d953_100000000000000_MAR |
||
| 650 |
_aMCE _9379 |
||
| 942 |
_2ddc _cBK |
||
| 999 |
_c551886 _d551886 |
||